000 00661nam a2200253Ia 4500
003 OSt
005 20221006153424.0
006 a|||||r|||| 00| 0
007 ta
008 221006b |||||||| |||| 00| 0 kor d
020 _cW 8,500
024 _a32,295
037 _bGift, Korean Embassy
_cTextual
040 _aEASL
_cEASL
_bkor
041 _2kor
_akor
082 _aO495,3N61, P4
100 _aLEE Na-Mee Au.
_9663362
245 0 _aBanghwa
260 _aPaju
_bSegyesa
_c2004
300 _a279p.
_ccm.
490 _v KL
942 _hO495,3N61, P4
_cTEXL
_2CC
999 _c1100381
_d1100381